000 00338 a2200157 4500
001 190298
020 _a85-7673-051-0
040 _cMagnum
100 _aJose, Elias
240 1 0 _aDois gigantes diferentes
_lpor
245 1 0 _aDois gigantes diferentes
300 _a23
362 0 _a2005
697 _aLITERATURA INFANTO
942 _cBK
999 _c190298
_d190298